| Tag |
First Indicator |
Second Indicator |
Subfields |
| LEADER |
00000cam a2200000Ia 4500 |
| 001 |
in00002062607 |
| 005 |
20190326103214.0 |
| 007 |
cr un--------- |
| 008 |
041203s2004 gw a b 101 0 eng d |
| 010 |
|
|
|a 2004115081
|
| 020 |
|
|
|a 3540239278 (pbk.)
|
| 035 |
|
|
|a (OCoLC)ocm57170456
|
| 040 |
|
|
|a OHX
|c OHX
|d KKS
|d CUS
|d IAY
|d C$Q
|d OCLCQ
|d TXA
|d UtOrBLW
|
| 049 |
|
|
|a TXAM
|
| 072 |
|
7 |
|a QH
|2 lcco
|
| 072 |
|
7 |
|a R
|2 lcco
|
| 072 |
|
7 |
|a Q
|2 lcco
|
| 090 |
|
|
|a QH324.2
|b .I58 2004
|
| 111 |
2 |
|
|a International Symposium on Knowledge Exploration in Life Science Informatics
|d (2004 :
|c Milan, Italy)
|
| 245 |
1 |
0 |
|a Knowledge exploration in life science informatics :
|b International Symposium KELSI 2004, Milan, Italy, November 25-26, 2004 : proceedings /
|c Jesús A. López, Emilio Benfenati, Werner Dubitzky (eds.).
|
| 246 |
3 |
0 |
|a International Symposium KELSI 2004
|
| 246 |
3 |
0 |
|a KELSI 2004
|
| 264 |
|
1 |
|a Berlin ;
|a New York :
|b Springer,
|c 2004.
|
| 300 |
|
|
|a x, 248 pages :
|b illustrations ;
|c 24 cm.
|
| 336 |
|
|
|a text
|b txt
|2 rdacontent
|
| 337 |
|
|
|a computer
|b c
|2 rdamedia
|
| 338 |
|
|
|a online resource
|b cr
|2 rdacarrier
|
| 490 |
1 |
|
|a Lecture notes in computer science,
|x 0302-9743 ;
|v 3303.
|a Lecture notes in artificial intelligence
|
| 504 |
|
|
|a Includes bibliographical references and index.
|
| 530 |
|
|
|a Also issued online.
|
| 650 |
|
0 |
|a Bioinformatics
|v Congresses.
|
| 650 |
|
0 |
|a Computational biology
|v Congresses.
|
| 650 |
|
0 |
|a Cheminformatics
|v Congresses.
|
| 650 |
|
0 |
|a Medical informatics
|v Congresses.
|
| 700 |
1 |
|
|a López, Jesús A.
|
| 700 |
1 |
|
|a Benfenati, Emilio.
|
| 700 |
1 |
|
|a Dubitzky, Werner,
|d 1958-
|
| 830 |
|
0 |
|a Lecture notes in computer science ;
|v 3303.
|
| 830 |
|
0 |
|a Lecture notes in computer science.
|p Lecture notes in artificial intelligence.
|
| 856 |
4 |
1 |
|u http://proxy.library.tamu.edu/login?url=http://springerlink.metapress.com/openurl.asp?genre=issue&issn=0302-9743&volume=3303
|z Connect to the full text of this electronic book
|t 0
|
| 938 |
|
|
|a Otto Harrassowitz
|b HARR
|n har045027111
|c 48.15 EUR
|
| 994 |
|
|
|a C0
|b TXA
|
| 948 |
|
|
|a cataloged
|b h
|c 2005/8/3
|d c
|e blrosas
|f 11:18:24 am
|
| 999 |
|
|
|a MARS
|
| 999 |
f |
f |
|s e500edf3-dad2-3da8-af82-cf7edae507bf
|i 96059e15-5664-3105-8004-292cdc5c8e7d
|t 0
|
| 952 |
f |
f |
|p ric
|a Texas A&M University
|b Rellis Campus
|c Joint Library Facility
|d Remote Storage
|t 0
|e QH324.2 .I58 2004
|h Library of Congress classification
|i computer -- online resource
|m A14832907170
|
| 998 |
f |
f |
|a QH324.2 .I58 2004
|t 0
|l Remote Storage
|